000 03631nam a2200277Ia 4500
003 CO-CtgCURN
005 20250808141233.0
008 190723s1995 xx 000 0 und d
040 _aCO-CtgCURN
_bspa
_ccoctgcurn
082 _a344.01
_bG934c
100 _aGuerrero Figueroa, Guillermo
_d1934-
_eautor
245 0 _aCompendio de derecho laboral /
_cGuillermo Guerrero Figueroa
250 _a2 edición
260 _aBogotá, Colombia :
_bLeyer,
_c1995
300 _a333 páginas ;
_c23 centímetros
500 _aBiblioteca sólo posee volumen I y IV
500 _aIncluye introducción e índices
504 _aIncluye referencias bibliográficas al pie del texto
505 _avol. I. Introducción y parte general -- Pte. I. Introduccion -- Cap. El trabajo evolucion historico-juridica del trabajo -- Cap. II. El trabajo y se reglamentación en los pueblos de América precolombina -- Cap. III. El trabajo en la América hispánica y en Colombia -- Cap. IV. La cuestión social en la formación del derecho laboral -- Cap. V. Doctrinas sociales en la formación del derecho laboral -- Cap. VI. Revoluciones y movimientos en la formación del derecho laboral -- Cap. VII. otros acontecimientos en la formación del derecho laboral -- Cap. VIII. Cartas, declaraciones y conferencias internacionales en la formación del derecho laboral -- Cap. IX. Las constituciones en el desarrollo del derecho de trabajo -- Cap. X. El articulo 123 de la constitución mexicana en la formación del derecho del trabajo -- Cap. XI. Las leyes de indias y el derecho del trabajo -- Cap. XII. Doctrina y legislación en la evolución del derecho laboral colombiano -- Cap. XIII. El movimiento sindical en COlombia -- Pte. II. Teoría general -- Cap. I. Cuestión terminológica -- Cap. II. Aspectos generales del derecho del trabajo -- Cap. III. Generalidades sobre el trabajo -- Cap. IV. Fuentes del derecho del trabajo -- Cap. V. Fuentes internas de origen estatal -- Cap. VI. Fuentes de origen particular -- Cap. VII. Fuentes internas de origen mixto -- Cap. VIII. Las fuentes del derecho laboral de origen externo -- Cap. IX. Organización internacional del trabajo (O.I.T) -- Cap. X. La interpretación de las normas laborales -- Cap. XI. Los principios generales del derecho laboral colombiano -- Cap. XII. Otros principios generales del derecho laboral -- Cap. XIII. Principios fundamentales del derecho laboral en las relaciones colectivas -- Cap. XIV. Sujetos del derecho laboral -- Cap. XV. La empresa y el derecho del trabajo -- Cap. XVI. El Jus Variandi en el derecho laboral -- Cap. XVII. Contrato de trabajo y relación de trabajo -- vol. IV. El derecho laboral en la nueva constitución -- Pte. I. El derecho laboral en la nueva constitución -- Cap. I. El trabajo, su dignidad, como derecho y deber, su protección, derecho al empleo -- Cap. II. Libertad de trabajo -- Cap. III. Colegios de profesionales -- Cap. IV. El estatuto de trabajo, sus principios fundamentales -- Cap. V. Derecho de asociación profesional o sindical -- Cap. VI. El fuero y la gestión gremial -- Cap. VII. Derecho a la negociación colectiva -- Cap. VIII. Derecho de huelga -- Cap. IX. medios de solución pacífica en los conflictos colectivos de trabajo -- Pte. II. Otros estudios sobre el derecho laboral en la Constitución de 1991
521 _aAREA PROFESIONAL
590 _aPrograma de Derecho_18
650 _aDerecho laboral
_zColombia
942 _cBK
_h344.01
_iG934c
_2ddc
_n0
999 _c28711
_d28711